Cesta do neznáma /
Čtrnáctiletá Lenka se právě se svými rodiči přestěhovala do malé vesničky na jihu Čech. Není z této změny vůbec nadšena. Bojí se, že tu nezapadne, nenajde si přátele, nebude se jí tu líbit. Na tyto obavy však zapomíná, když nalezne v místní knihovně tajemný deník, napsaný v roce 2039....
Uloženo v:
| Hlavní autor: | |
|---|---|
| Médium: | E-kniha |
| Jazyk: | Czech |
| Vydáno: |
Praha :
E-knihy jedou,
2020
|
| Tagy: |
Žádné tagy |
| LEADER | 01271nam a22002297i 4500 | ||
|---|---|---|---|
| 001 | 311167 | ||
| 007 | ta | ||
| 008 | 260601s2020 xr ||||| |||| 00| 0 cze d | ||
| 020 | |a 9990002056703 | ||
| 044 | |a xr | ||
| 100 | 1 | |a Jakoubková, Marie |4 aut | |
| 245 | 1 | 0 | |a Cesta do neznáma / |c Jakoubková, Marie |
| 264 | 1 | |a Praha : |b E-knihy jedou, |c 2020 | |
| 300 | |a 1 online zdroj (112 stran) | ||
| 336 | |a text |b txt |2 rdacontent | ||
| 337 | |a bez média |b n |2 rdamedia | ||
| 338 | |a online zdroj |b cr |2 rdacarrier | ||
| 520 | 2 | |a Čtrnáctiletá Lenka se právě se svými rodiči přestěhovala do malé vesničky na jihu Čech. Není z této změny vůbec nadšena. Bojí se, že tu nezapadne, nenajde si přátele, nebude se jí tu líbit. Na tyto obavy však zapomíná, když nalezne v místní knihovně tajemný deník, napsaný v roce 2039. | |
| 910 | |a RBIT002 | ||
| 998 | |d 205670 |a https://core.palmknihy.cz/api/books/205670/cover?q8h84u |b https://core.palmknihy.cz/api/books/205670/cover/400?q8h84u |c https://core.palmknihy.cz/api/books/205670/cover/50?q8h84u |e |g 112 |i 9990002056703 |j https://core.palmknihy.cz/api/books/205670/preview.epub |k https://core.palmknihy.cz/api/books/205670/preview.pdf |l |q 49 |r 1 |s https://www.palmknihy.cz/kniha/205670 |t ebook |y 2020 |z 1 | ||
| 999 | |d 311165 | ||